5HLuxD.jpg

KING HENRY VIII SENIOR AND PRIMARY SCHOOL LIBRARY OPAC

Geography matters in ancient Greece / (Record no. 1843)

000 -LEADER
fixed length control field 01745cam a2200349 i 4500
001 - CONTROL NUMBER
control field 18107810
003 - CONTROL NUMBER IDENTIFIER
control field OSt
005 - DATE AND TIME OF LATEST TRANSACTION
control field 20230207090654.0
008 - FIXED-LENGTH DATA ELEMENTS--GENERAL INFORMATION
fixed length control field 140408s2015 iluab j b 001 0 eng
010 ## - LIBRARY OF CONGRESS CONTROL NUMBER
LC control number 2014013378
020 ## - INTERNATIONAL STANDARD BOOK NUMBER
International Standard Book Number 9781484609682 (pb)
040 ## - CATALOGING SOURCE
Original cataloging agency DLC
Language of cataloging eng
Transcribing agency DLC
Description conventions rda
Modifying agency DLC
-- KH8
042 ## - AUTHENTICATION CODE
Authentication code pcc
043 ## - GEOGRAPHIC AREA CODE
Geographic area code e-gr---
082 00 - DEWEY DECIMAL CLASSIFICATION NUMBER
Classification number 938 WAL
Edition number 23
100 1# - MAIN ENTRY--PERSONAL NAME
Personal name Waldron, Melanie.
Relator term author
245 10 - TITLE STATEMENT
Title Geography matters in ancient Greece /
Statement of responsibility, etc. Melanie Waldron.
264 #1 - PRODUCTION, PUBLICATION, DISTRIBUTION, MANUFACTURE, AND COPYRIGHT NOTICE
Place of production, publication, distribution, manufacture Chicago, Illinois :
Name of producer, publisher, distributor, manufacturer Heinemann Raintree,
Date of production, publication, distribution, manufacture, or copyright notice 2015.
300 ## - PHYSICAL DESCRIPTION
Extent 48 pages :
Other physical details illustrations, maps ;
Dimensions 25 cm.
336 ## - CONTENT TYPE
Content type term text
Content type code txt
Source rdacontent
337 ## - MEDIA TYPE
Media type term unmediated
Media type code n
Source rdamedia
338 ## - CARRIER TYPE
Carrier type term volume
Carrier type code nc
Source rdacarrier
490 0# - SERIES STATEMENT
Series statement Geography matters in ancient civilizations
504 ## - BIBLIOGRAPHY, ETC. NOTE
Bibliography, etc. note Includes bibliographical references and index.
505 0# - FORMATTED CONTENTS NOTE
Formatted contents note Who were the ancient Greeks? -- Where in the world was ancient Greece? -- How did ancient Greece begin? -- How did ancient Greece change after the dark ages? -- What natural resources did ancient Greece have? -- What was ancient Greek society like? -- How did ancient Greeks travel? -- What was ancient Greek culture like? -- What ended the ancient Greek way of life? -- Was geography important in ancient Greece? -- Quiz -- Glossary -- Find out more -- Index.
650 #0 - SUBJECT ADDED ENTRY--TOPICAL TERM
Topical term or geographic name entry element Human geography
Geographic subdivision Greece
Form subdivision Juvenile literature.
651 #0 - SUBJECT ADDED ENTRY--GEOGRAPHIC NAME
Geographic name Greece
General subdivision Historical geography
Form subdivision Juvenile literature.
651 #0 - SUBJECT ADDED ENTRY--GEOGRAPHIC NAME
Geographic name Greece
General subdivision Civilization
Chronological subdivision To 146 B.C.
Form subdivision Juvenile literature.
906 ## - LOCAL DATA ELEMENT F, LDF (RLIN)
a 7
b cbc
c orignew
d 1
e ecip
f 20
g y-gencatlg
942 ## - ADDED ENTRY ELEMENTS (KOHA)
Source of classification or shelving scheme
Koha item type Books - Non Ficton
Holdings
Withdrawn status Lost status Source of classification or shelving scheme Damaged status Not for loan Collection code Permanent Location Current Location Shelving location Date acquired Total Checkouts Full call number Barcode Date last seen Date last checked out Price effective from Koha item type
          Non-Fiction KH8 Primary School Library KH8 Primary School Library Non Fiction 2023-02-07 2 938 WAL KHPL000003592 2025-12-05 2023-05-03 2023-02-07 Books - Non Ficton

Powered By KH8 IT Dept